Scriptorium (Record no. 184004)
[ view plain ]
| 000 -LEADER | |
|---|---|
| campo de control de longitud fija | 01358nam a2200313 i 4500 |
| 001 - NÚMERO DE CONTROL | |
| campo de control | 184004 |
| 003 - IDENTIFICADOR DE NÚMERO DE CONTROL | |
| campo de control | ES-MaACL |
| 005 - FECHA Y HORA DE LA ÚLTIMA TRANSACCIÓN | |
| campo de control | 20230906222026.0 |
| 008 - DATOS DE LONGITUD FIJA--INFORMACIÓN GENERAL | |
| campo de control de longitud fija | 150206s2001 sp aop |||| |dspa d |
| 020 ## - NÚMERO INTERNACIONAL ESTÁNDAR DEL LIBRO | |
| Número Internacional Estándar del Libro | 84-931127-8-X |
| 080 ## - NÚMERO DE LA CLASIFICACIÓN DECIMAL UNIVERSAL | |
| Número de la Clasificación Decimal Universal | 75.057 |
| 080 ## - NÚMERO DE LA CLASIFICACIÓN DECIMAL UNIVERSAL | |
| Número de la Clasificación Decimal Universal | 75.033 |
| 080 ## - NÚMERO DE LA CLASIFICACIÓN DECIMAL UNIVERSAL | |
| Número de la Clasificación Decimal Universal | 091 Beato de Liébana, Santo |
| 080 ## - NÚMERO DE LA CLASIFICACIÓN DECIMAL UNIVERSAL | |
| Número de la Clasificación Decimal Universal | 091 Beato de Tábara |
| 080 ## - NÚMERO DE LA CLASIFICACIÓN DECIMAL UNIVERSAL | |
| Número de la Clasificación Decimal Universal | 091.01(460.184 Tábara) |
| 100 1# - ENTRADA PRINCIPAL--NOMBRE DE PERSONA | |
| Nombre de persona | Regueras Grande, Fernando. |
| 9 (RLIN) | 156140 |
| 245 10 - MENCIÓN DEL TÍTULO | |
| Título | Scriptorium |
| Resto del título | : Tábara visigoda y mozárabe / |
| Mención de responsabilidad, etc. | Fernando Regueras Grande y Hermenegildo García-Aráez Ferrer. |
| 260 ## - PUBLICACIÓN, DISTRIBUCIÓN, ETC. | |
| Lugar de publicación, distribución, etc. | [S.l. : |
| Nombre del editor, distribuidor, etc. | Ayuntamiento de Tábara : |
| -- | Centro de Estudios Benaventanos "Ledo del Pozo" : |
| -- | Parroquia de Tábara], |
| Fecha de publicación, distribución, etc. | [2001] ( |
| Lugar de fabricación/manufactura | Salamanca) |
| 300 ## - DESCRIPCIÓN FÍSICA | |
| Extensión | 183 p. : |
| Otras características físicas | il. col., fot. ; |
| Dimensiones | 28 cm. |
| 504 ## - NOTA DE BIBLIOGRAFÍA, ETC. | |
| Nota de bibliografía, etc. | Bibliografía: p. 175-183. |
| 594 ## - Nota al título y mención de responsabilidad | |
| Nota al título y mención de responsabilidad | Publicado con motivo de la exposición "Scriptorium, Tábara visigoda y mozárabe" |
| 600 07 - PUNTO DE ACCESO ADICIONAL DE MATERIA--NOMBRE DE PERSONA | |
| Nombre de persona | Beato de Liébana |
| Títulos y otros términos asociados al nombre | Santo. |
| 9 (RLIN) | 156301 |
| 630 07 - PUNTO DE ACCESO ADICIONAL DE MATERIA--TÍTULO UNIFORME | |
| Título uniforme | Beato de Tábara. |
| 9 (RLIN) | 156299 |
| 650 #7 - PUNTO DE ACCESO ADICIONAL DE MATERIA--TÉRMINO DE MATERIA | |
| Término de materia o nombre geográfico como elemento de entrada | Iluminación de manuscritos- |
| Subdivisión geográfica | España. |
| 9 (RLIN) | 145370 |
| 650 #4 - PUNTO DE ACCESO ADICIONAL DE MATERIA--TÉRMINO DE MATERIA | |
| Término de materia o nombre geográfico como elemento de entrada | Manuscritos miniados. |
| 9 (RLIN) | 151000 |
| 700 1# - ENTRADA AGREGADA--NOMBRE PERSONAL | |
| Nombre de persona | García-Aráez Ferrer, Hermenegildo. |
| 9 (RLIN) | 156300 |
| 710 2# - ENTRADA AGREGADA--NOMBRE DE ENTIDAD CORPORATIVA | |
| Nombre de entidad corporativa o nombre de jurisdicción como elemento de entrada | Centro de Estudios Benaventanos "Ledo del Pozo" |
| 9 (RLIN) | 144530 |
| 852 ## - LOCALIZACIÓN | |
| Ubicación | ES-MaACL |
| Número de control de estantería | B-466 |
| Nota libre | . - enc. en tela granate |
| -- | . - Donat. Centro de Estudios Benaventanos "Ledo del Pozo" |
| Estatus retirado | Estado de pérdida | Estado de daño | No para préstamo | Biblioteca de origen | Biblioteca actual | Ubicación en estantería | Fecha de adquisición | Fuente de adquisición | Total de préstamos | Signatura topográfica completa | Código de barras | Visto por última vez | Precio de reemplazo | Tipo de ítem Koha |
|---|---|---|---|---|---|---|---|---|---|---|---|---|---|---|
| Biblioteca del Ateneo de Madrid | Biblioteca del Ateneo de Madrid | Sala Pardo Bazán | 06/02/2015 | B-466 | 1193490 | 23/02/2023 | 23/02/2023 | Libro impreso |
